000 00461nam a2200181Ia 4500
001 2594
005 20260306144818.0
008 260306t2013||||xx |||||||||||||| ||spa||
041 _aESP
082 _a616.8917
_bG72
100 _aGonzález Velásquez, Mario
_eAUT
245 0 _aClínica psicoanalítica:
_btexto básico integrado
260 _c2013
300 _axvii, 167 páginas :
_c23 cm.
650 _aGEN
654 _aCPS
942 _cLIB
_dJUS
_fJUS
_2ddc
_n
999 _c2594
_d2594